[Event "ZN-2012-0-01858"]
[Site "LSS email"]
[Date "2012.02.25"]
[Round "?"]
[White "Salinas, Evin"]
[Black "Vidal, Marcial"]
[Result "1-0"]
[WhiteElo "702"]
[BlackElo "951"]
[PlyCount "35"]
[EventDate "2012.02.20"]
[EventType "match (corr)"]
[EventRounds "2"]
[EventCountry "GER"]
[SourceTitle "Telechess CBM 157"]
[Source "ChessBase"]
[SourceDate "2013.11.12"]
[SourceVersion "1"]
[SourceVersionDate "2013.11.12"]
[SourceQuality "1"]

1. e4 c5 2. b3 d6 3. Nc3 g6 4. Bb2 Nf6 5. Bb5+ Nc6 6. Nd5 Bg7 7. Nxf6+ exf6 8. Bxc6+ bxc6 9. h3 0-0 10. Nf3 f5 11. e5 dxe5 12. 0-0 Re8 13. d3 Qd5 14. c4 Qd6 15. Re1 h6 16. d4 e4 17. Ba3 Qd7 18. Bxc5 1-0

[Event "ZN-2012-0-01857"]
[Site "LSS email"]
[Date "2012.02.24"]
[Round "?"]
[White "Huseby, Juan Carlos"]
[Black "Vidal, Marcial"]
[Result "0-1"]
[WhiteElo "682"]
[BlackElo "1026"]
[PlyCount "74"]
[EventDate "2012.02.18"]
[EventType "match (corr)"]
[EventRounds "2"]
[EventCountry "GER"]
[SourceTitle "Telechess CBM 157"]
[Source "ChessBase"]
[SourceDate "2013.11.12"]
[SourceVersion "1"]
[SourceVersionDate "2013.11.12"]
[SourceQuality "1"]

1. e4 d6 2. d4 g6 3. c4 Nf6 4. Nc3 Bg7 5. Bd3 0-0 6. Nge2 Nc6 7. Be3 e5 8. d5 Nb4 9. Bb1 b6 10. a3 Na6 11. b4 Ng4 12. b5 Nxe3 13. fxe3 Nc5 14. Ng3 a5 15. 0-0 Bh6 16. Qf3 Qg5 17. Nd1 Bg4 18. Qf6 Qxf6 19. Rxf6 Bxd1 20. Nf5 Bg5 21. Ne7+ Kg7 22. Rf1 Be2 23. Re1 Bxc4 24. a4 Bxe7 25. Bc2 Bd3 26. Bxd3 Nxd3 27. Re2 Nc5 28. Ra3 Nxe4 29. Rc2 Nc5 30. Kf2 f5 31. g3 f4 32. Kf3 fxe3+ 33. Kg4 Rf2 34. Rxf2 exf2 35. Ra1 Nxa4 36. Rxa4 f1Q 37. h4 Qf5# 0-1

[Event "ZN-2012-0-01854"]
[Site "LSS email"]
[Date "2012.02.21"]
[Round "?"]
[White "Huseby, Juan Carlos"]
[Black "Vidal, Marcial"]
[Result "0-1"]
[WhiteElo "682"]
[BlackElo "1026"]
[PlyCount "76"]
[EventDate "2012.02.16"]
[EventType "match (corr)"]
[EventRounds "2"]
[EventCountry "GER"]
[SourceTitle "Telechess CBM 157"]
[Source "ChessBase"]
[SourceDate "2013.11.12"]
[SourceVersion "1"]
[SourceVersionDate "2013.11.12"]
[SourceQuality "1"]

1. f4 d5 2. Nf3 Nf6 3. Ne5 g6 4. e3 Bg7 5. h3 0-0 6. Be2 Ne4 7. Bg4 Ng3 8. Rh2 e6 9. h4 c5 10. Kf2 Ne4+ 11. Kg1 Nc6 12. h5 Nxe5 13. fxe5 Bxe5 14. Rh1 Bg3 15. Qf3 Qf6 16. Qxf6 Nxf6 17. Bf3 Rb8 18. Nc3 a6 19. Ne2 Be5 20. d4 Bd6 21. Nf4 g5 22. Ng6 hxg6 23. g4 gxh5 24. gxh5 g4 25. Be2 e5 26. Bd2 e4 27. Rf1 Nh7 28. c3 Ng5 29. Kg2 Nf3 30. Bc1 c4 31. Bxf3 exf3+ 32. Kf2 Bf5 33. h6 Kh7 34. Rh5 Be4 35. Rxd5 Bxd5 36. a3 g3+ 37. Ke1 g2 38. e4 Bg3+ 0-1

[Event "RN-2012-0-00448"]
[Site "LSS email"]
[Date "2012.02.08"]
[Round "?"]
[White "Yangibayev, Rustam"]
[Black "Vidal, Marcial"]
[Result "0-1"]
[WhiteElo "818"]
[BlackElo "951"]
[PlyCount "79"]
[EventDate "2012.01.27"]
[EventType "tourn (corr)"]
[EventRounds "6"]
[EventCountry "GER"]
[SourceTitle "Telechess CBM 153"]
[Source "ChessBase"]
[SourceDate "2013.03.14"]
[SourceVersion "1"]
[SourceVersionDate "2013.03.14"]
[SourceQuality "1"]

1. d4 d6 2. c4 g6 3. Nc3 Bg7 4. e4 Nf6 5. f4 0-0 6. e5 dxe5 7. fxe5 Ng4 8. h3 Nh6 9. Nf3 Nf5 10. Bf4 b6 11. Be2 Bb7 12. 0-0 Na6 13. a3 e6 14. b4 Rc8 15. b5 Nb8 16. a4 Bxf3 17. Bxf3 Qxd4+ 18. Qxd4 Nxd4 19. Bb7 Rcd8 20. Ra3 Nd7 21. a5 Nc5 22. Bf3 Nd3 23. axb6 Nxf4 24. bxc7 Nxf3+ 25. Rxf3 Rc8 26. Rxa7 Bxe5 27. b6 Bd4+ 28. Kh2 Bxb6 29. Rb7 Bxc7 30. Kh1 Be5 31. Na4 Rxc4 32. Nb6 Rc1+ 33. Kh2 Nd5+ 34. g3 Nxb6 35. Rxb6 Rd8 36. h4 Rd2+ 37. Kh3 Rh1+ 38. Kg4 Rd4+ 39. Kg5 Kg7 40. Rxe6 0-1